000 00346nam a2200133Ia 4500
008 240624s9999 xx 000 0 und d
041 _aeng
082 _a658.4036 MAD
100 _aMADAN SUSHILA
245 _aMANAGEMENT INFORMATION AND CONTROL SYSTE
260 _c2005
_aNew Delhi
_bTaxman
300 _axxiii, : 716 : p. : cm. ; 24
365 _cRS
999 _c2620
_d2620